000 00806nam a2200253 i 4500
001 106766
003 ES-MaACL
005 20250411233620.0
007 t|
008 061222s2006 sp ||||1| spa d
020 _a84-87319-15-7
080 _a75 Torner, Gustavo
080 _a73 Torner, Gustavo
100 1 _aSagastibelza, Arturo.
_9101423
245 1 0 _aEspacio Torner /
_ctexto, Arturo Sagastibelza ; fotografías, Santiago Torralba y Gustavo Torner.
260 _a[Cuenca] :
_bFundación Torner,
_c[2006]
300 _a69 p. :
_bil. col. ;
_c34 cm.
600 1 7 _aTorner, Gustavo,
_d1925-
_2
_9167208
700 1 _aTorralba, Santiago.
_9110713
700 1 _aTorner, Gustavo,
_d1925-
_9167208
710 2 _aFundación Torner.
_94423
852 _aES-MaACL
_jB-7749
999 _c106766
_d106766